Paroles Hamza - Bibi Boy Swag - Statistiques

Statistiques générales
  • Ce quiz a été pris 28 fois
  • Le résultat moyen est 216 sur 394
Statistiques - réponses
Paroles % Correct
B.A
91%
1994
86%
a
86%
ta
86%
bâtard
82%
ma
82%
moi
82%
Ne
82%
ne
82%
Albator
77%
appelle
77%
mon
77%
Mon
77%
bibi
73%
Bibi
73%
boy
73%
de
73%
ils
73%
je
73%
la
73%
La
73%
73%
le
73%
pas
73%
Que
73%
swag
73%
un
73%
c'est
68%
C'est
68%
des
68%
gang
68%
nigga
68%
qu'à
68%
se
68%
sont
68%
d'abord
64%
Jeune
64%
bons
59%
fais
59%
frère
59%
go
59%
Go
59%
grave
59%
juste
59%
les
59%
mère
59%
My
59%
Pour
59%
pour
59%
prince
59%
queues
59%
soeur
59%
s'prendre
59%
te
59%
après
55%
dans
55%
dégueu
55%
deux
55%
Docteur
55%
H
55%
J'ai
55%
j'ai
55%
j'm'en
55%
j'suis
55%
J'suis
55%
l'show
55%
Négro
55%
négro
55%
tort
55%
vrai
55%
du
50%
es
50%
et
50%
Et
50%
fait
50%
mama
50%
n'avait
50%
on
50%
oui
50%
qui
50%
salade
50%
Tu
50%
tu
50%
vais
50%
bitch
45%
cette
45%
ceux
45%
dit
45%
d'questions
45%
en
45%
est
45%
faut
45%
fuck
45%
J'la
45%
j'y
45%
no
45%
No
45%
plupart
45%
pose
45%
t'es
45%
tête
45%
tout
45%
vie
45%
vous
45%
Y'a
45%
zone
45%
came
41%
coeur
41%
déjà
41%
depuis
41%
inquiétez
41%
j'fais
41%
malade
41%
placenta
41%
quand
41%
seul
41%
si
41%
sur
41%
vu
41%
alright
36%
baise
36%
chatte
36%
cinéma
36%
connais
36%
coupe
36%
fly
36%
fourré
36%
gun
36%
j'les
36%
l'avait
36%
l'tiekson
36%
Puff Daddy
36%
sales
36%
subit
36%
sympa
36%
t'as
36%
texto
36%
ton
36%
trop
36%
veux
36%
bi3
32%
copier
32%
dégaine
32%
depsos
32%
dope
32%
d'un
32%
Ecoute
32%
Everyday
32%
fédérale
32%
j'aime
32%
Même
32%
Ouais
32%
pauvre
32%
popo
32%
qualité
32%
quel
32%
servent
32%
avec
27%
c'biff
27%
célébrités
27%
chiens
27%
côte
27%
criminels
27%
qu'elle
27%
bébé
23%
biz
23%
cash
23%
d'drogue
23%
gram-Insta
23%
l'bando
23%
Liasses
23%
move
23%
Nan
23%
pipe
23%
ressent
23%
that
23%
viens
23%
vivra
23%
young
23%
bien
18%
coke
18%
dois
18%
frein
18%
j'comprends
18%
l'ascenceur
18%
MJ
18%
prix
18%
situer
18%
Direct
14%
donne
14%
slah
14%
slide
14%
trip
14%
chiottes
9%
glawi
9%
kalash
9%
Aucun quiz correspondant
Distribution des résultats
% des personnes avec chaque résultat
Percentile par nombre de réponses
Votre historique - résultats
Vous n’avez pas pris ce quiz